Nördlichste Millionenstädte der Welt - Statistiken

Allgemein
  • Dieses Quiz wurde 80 mal gespielt
  • Das Durchschnittsergebnis liegt bei 11 aus 20
Antwortstatistiken
Breitengrad Einwohner Land Stadt % Korrekt
60.17 °N 1.53 Mio. Finnland Helsinki
99%
59.91 °N 1.26 Mio. Norwegen Oslo
96%
59.33 °N 2.275 Mio. Schweden Stockholm
96%
55.75 °N 19.1 Mio. Russland Moskau
93%
53.55 °N 2.925 Mio. Deutschland Hamburg
89%
55.85 °N 1.70 Mio. Großbritannien Glasgow
83%
53.90 °N 2.10 Mio. Belarus Minsk
82%
55.68 °N 1.77 Mio. Dänemark Kopenhagen
81%
59.93 °N 6.50 Mio. Russland Sankt-Petersburg
68%
53.79 °N 2.225 Mio. Großbritannien Leeds
47%
55.78 °N 1.59 Mio. Russland Kasan
38%
54.97 °N 1.47 Mio. Großbritannien Newcastle
38%
56.31 °N 1.66 Mio. Russland Nischni Nowgorod
33%
54.97 °N 1.16 Mio Russland Omsk
32%
56.83 °N 1.86 Mio. Russland Jekaterinburg
31%
54.73 °N 1.23 Mio. Russland Ufa
29%
55.03 °N 1.86 Mio. Russland Nowosibirsk
24%
58.01 °N 1.09 Mio. Russland Perm
24%
55.15 °N 1.47 Mio. Russland Tscheljabinsk
15%
56.00 °N 1.29 Mio. Russland Krasnojarsk
8%
Keine übereinstimmenden Quizze gefunden
Verteilung der Resultate
Anzahl Personen mit jedem Resultat
Perzentil nach korrekt beantworteten Fragen
Ihre Resultats-Entwicklung
Sie haben dieses Quiz noch nicht gespielt